000 00534nam a2200181Ia 4500
008 100920s9999 xx 000 0 und d
082 _b65229
_a--- थ 87
100 _aशहा सुभाष.
245 _aत्रकिूट.
260 _bमधुर पब्लिकेशन, पुणे.
_c1987
300 _a140
_bसाधी
365 _b32
520 _aकादंबरी.
630 _aत्रकिूट.
650 _aकादंबरी.
730 _aत्रकिूट.
942 _cBOOK
999 _c708092
_d708089